<?xml version="1.0" encoding="UTF-8"?><?xml-stylesheet type="text/xsl" href="static/style.xsl"?><OAI-PMH xmlns="http://www.openarchives.org/OAI/2.0/" xmlns:xsi="http://www.w3.org/2001/XMLSchema-instance" xsi:schemaLocation="http://www.openarchives.org/OAI/2.0/ http://www.openarchives.org/OAI/2.0/OAI-PMH.xsd"><responseDate>2026-06-01T19:48:37Z</responseDate><request verb="GetRecord" identifier="oai:riuma.uma.es:10630/23973" metadataPrefix="marc">https://riuma.uma.es/rest/oai/request</request><GetRecord><record><header><identifier>oai:riuma.uma.es:10630/23973</identifier><datestamp>2026-02-03T11:02:36Z</datestamp><setSpec>com_10630_2254</setSpec><setSpec>col_10630_37953</setSpec></header><metadata><record xmlns="http://www.loc.gov/MARC21/slim" xmlns:dcterms="http://purl.org/dc/terms/" xmlns:doc="http://www.lyncode.com/xoai" xmlns:xsi="http://www.w3.org/2001/XMLSchema-instance" xsi:schemaLocation="http://www.loc.gov/MARC21/slim http://www.loc.gov/standards/marcxml/schema/MARC21slim.xsd">
   <leader>00925njm 22002777a 4500</leader>
   <datafield ind2=" " ind1=" " tag="042">
      <subfield code="a">dc</subfield>
   </datafield>
   <datafield ind2=" " ind1=" " tag="720">
      <subfield code="a">Cerezo-Guzmán, María Victoria</subfield>
      <subfield code="e">author</subfield>
   </datafield>
   <datafield ind2=" " ind1=" " tag="720">
      <subfield code="a">Soria-Reyes, Lorena M.</subfield>
      <subfield code="e">author</subfield>
   </datafield>
   <datafield ind2=" " ind1=" " tag="720">
      <subfield code="a">Alarcón-Postigo, Rafael</subfield>
      <subfield code="e">author</subfield>
   </datafield>
   <datafield ind2=" " ind1=" " tag="720">
      <subfield code="a">Blanca-Mena, María José</subfield>
      <subfield code="e">author</subfield>
   </datafield>
   <datafield ind2=" " ind1=" " tag="260">
      <subfield code="c">2022</subfield>
   </datafield>
   <datafield ind2=" " ind1=" " tag="520">
      <subfield code="a">Background/Objective&#xd;
This study aims to analyze the psychometric properties of the Satisfaction with Life Scale (SWLS), examining the reliability of scale scores and providing validity evidence for its use with breast cancer patients. We provide validity evidence based on internal structure and on relationships with positive psychological variables and other variables indicative of psychological adjustment.&#xd;
&#xd;
Method&#xd;
Participants were 222 Spanish women with a diagnosis of breast cancer. They completed the SWLS and a battery of questionnaires measuring positive and negative affect, self-esteem, resilience, emotional intelligence, flourishing, optimism, depression, anxiety, and stress.&#xd;
&#xd;
Results&#xd;
Confirmatory factor analysis supported a single-factor structure for the SWLS, S-B χ2(5) = 7.36, p = .19, CFI = .99, NNFI = .99, RMSEA = .046. The reliability of test scores estimated with McDonald's omega yielded a value of .80. Validity evidence was provided by a positive correlation between SWLS scores and positive affect, self-esteem, resilience, emotional intelligence (specifically, clarity and repair), flourishing, and optimism (range: .24, .69), and by a negative correlation with negative affect, pessimism, depression, anxiety, and stress (range: -.25, -.59).&#xd;
&#xd;
Conclusions&#xd;
The Spanish version of the SWLS showed satisfactory psychometric properties and it is an appropriate measure for use in the breast cancer context.</subfield>
   </datafield>
   <datafield ind1="8" ind2=" " tag="024">
      <subfield code="a">Cerezo, M. Victoria ; Soria-Reyes, Lorena M. ; Alarcon-Postigo, Rafael ; Blanca-Mena, Maria Jose. The Satisfaction with Life Scale in Breast Cancer Patients: Psychometric PropertiesEscala de Satisfacción con la Vida en pacientes de cáncer de mama: propiedades psicométricas. International Journal of Clinical and Health Psychology Volume 22, Issue 1, January–April 2022, 100274. https://doi.org/10.1016/j.ijchp.2021.100274</subfield>
   </datafield>
   <datafield ind1="8" ind2=" " tag="024">
      <subfield code="a">https://hdl.handle.net/10630/23973</subfield>
   </datafield>
   <datafield ind1="8" ind2=" " tag="024">
      <subfield code="a">10.1016/j.ijchp.2021.100274</subfield>
   </datafield>
   <datafield tag="653" ind2=" " ind1=" ">
      <subfield code="a">Optimismo</subfield>
   </datafield>
   <datafield tag="653" ind2=" " ind1=" ">
      <subfield code="a">Bienestar social</subfield>
   </datafield>
   <datafield tag="653" ind2=" " ind1=" ">
      <subfield code="a">Psicología</subfield>
   </datafield>
   <datafield ind2="0" ind1="0" tag="245">
      <subfield code="a">The Satisfaction with Life Scale in Breast Cancer Patients: Psychometric Properties</subfield>
   </datafield>
</record>
</metadata></record></GetRecord></OAI-PMH>